| 000 | 00346nam a22000977a 4500 | ||
|---|---|---|---|
| 008 | 150618t xxu||||| |||| 00| 0 eng d | ||
| 100 |
_aAamina batool-sup-Dr. Muhammad Ashraf _9997 |
||
| 245 |
_aTH-BS-Genetic contribution of putative candidate gene pad14 polymorphism to the development of rheumatoid arthritis _hThesis |
||
| 300 | _a70 | ||
| 942 |
_2ddc _cCR |
||
| 999 |
_c17266 _d17266 |
||